| 000 | 00511nam a2200181Ia 4500 | ||
|---|---|---|---|
| 008 | 151202s9999||||xx |||||||||||||| ||und|| | ||
| 082 | _bPNVM-58073 | ||
| 100 | _aभालेराव अनंत. | ||
| 245 | _aकावड. | ||
| 260 | _b"ऋतु प्रकाशन,मुंबई." | ||
| 260 | _c0 | ||
| 300 | _a226 | ||
| 600 | _aभालेराव अनंत. | ||
| 630 | _aकावड. | ||
| 700 | _aभालेराव अनंत. | ||
| 730 | _aकावड. | ||
| 942 | _cBOOK | ||
| 999 |
_c1324611 _d1324608 |
||